| 000 | 00505nam a2200205Ia 4500 | ||
|---|---|---|---|
| 999 |
_c46231 _d46231 |
||
| 001 | 13064 | ||
| 003 | GE_BSU | ||
| 005 | 20220926154320.0 | ||
| 008 | 181216s1992||||ge |||||||||||||| ||geo|| | ||
| 020 | _a9780140167771 | ||
| 040 | _cGE_BSU | ||
| 041 | _ageo | ||
| 080 | _a821.111-3 T-21 | ||
| 100 |
_aTartt, Donna _914811 |
||
| 245 | 4 |
_aThe Secret History. _cDonna Tartt. |
|
| 264 |
_aLondon: _bPenguin Books, _c1992. |
||
| 300 |
_a629 p.; _b20 cm. |
||
| 653 | _aისტორია | ||
| 942 |
_cBK _2udc |
||